Clic On ne peut pas faire cette recette sans... (1) - Statistiques

Statistiques générales
  • Ce quiz a été pris 276 fois
  • Le résultat moyen est 13 sur 20
Statistiques - réponses
Hint Extra Hint Réponse % Correct
Hachis parmentier Pommes de terre... Restes de viande
88%
Gâteau de semoule Oeuf, lait, sucre... Semoule
84%
Aîoli Huile, oeuf, sel Ail
83%
Pina colada Rhum, crème de coco Jus d'ananas
82%
Crêpes au sucre Lait, farine, sucre... Oeufs
82%
Crème brulée Oeuf, lait... Sucre
82%
Tarte tatin Pâte à tarte, sucre, beurre Pommes
80%
Flammekuche Pâte à pain, lardons, crème Oignons
77%
Glace colonel Glace Vodka
75%
Brandade parmentier Pommes de terre Morue
73%
Poulet basquaise Poulet, tomates... Poivron
72%
Tapenade noire Olives, câpres, huile, citron Anchois
63%
Cuba libre Coca, rhum Citron vert
63%
Far Breton Flan Pruneaux
59%
Aligot Pommes de terre Tome
59%
Pistou Basilic, parmesan, ail, olives Pignons de pin
57%
Mimosa Champagne Jus d'orange
49%
Carbonade flamande Viande, bière, assaisonnement Pain d'épices
39%
Oeufs meurette Oeufs, oignon, champignons... Vin rouge
34%
Cervelle de canut Herbes, ail, échalote, huile, vinaigre Fromage blanc
29%
Aucun quiz correspondant
Distribution des résultats
% des personnes avec chaque résultat
Percentile par nombre de réponses
Votre historique - résultats
Vous n’avez pas pris ce quiz